La psicología, una ciencia diversificada /

Uloženo v:
Podrobná bibliografie
Hlavní autor: Fernández, Juan (coord.)
Médium: Kniha
Jazyk:španělština
Vydáno: Madrid, España : Pirámide, 2001, c2001
Edice:(Psicología Pirámide)
Témata:
Tagy: Přidat tag
Žádné tagy, Buďte první, kdo vytvoří štítek k tomuto záznamu!

MARC

LEADER 00000nam^a2200000^a^4500
001 000161876
005 20250521000000.0
009 20260526125211.063
020 |a 84-368-1554-8 
037 |a Acervo ITESO - Biblioteca 
041 |a ESP 
082 |a 150.  |b FER 
100 |a Fernández, Juan  |e (coord.) 
245 1 3 |a La psicología, una ciencia diversificada /  |c Coord. de J. Fernández. 
264 4 |a Madrid, España :  |b Pirámide,  |c 2001, c2001 
300 |a 231 p. 
336 |a texto  |b txt  |2 rdacontenido 
337 |a sin mediación  |b n  |2 rdamedio 
338 |a volumen  |b nc  |2 rdasoporte 
440 1 |a (Psicología Pirámide) 
649 |a XX 
650 |a Psicología del Yo 
650 |a Psicobiología 
650 |a Psicología Social 
650 |a Psicología Educativa 
650 |a Psicología -  |x Metodología 
650 |a Psicología 
910 |a Fondo General 
920 |a Impresos - Libros 
930 |a Colección General 
905 |a 101 
901 |a 0500094726  |b IT1  |c ACC  |u 20250521 
902 |a https://opac.biblio.iteso.mx/vufind/Record/000161876